000
00286nam a2200109Ia 4500
005
20251222114406.0
008
251222s1900||||xx |||||||||||||| ||spa||
082
_a
DVD0111/T33/2001/Ej.2
245
0
_a
Monstruos INC
264
_b
Walt Disney Pictures | Pixar Animation Studios
942
_c
DVD
999
_c
1826
_d
1826